000 00676nam a22002297a 4500
003 BUBTL
008 240102b ||||| |||| 00| 0 eng d
020 _a8121905125
041 _aEnglish
082 _21st ed.
_a901/ G561i/ 1973
100 _95634
_aGokhale, B. K.
245 _aIntroduction to Western Civilization : with maps and illustrationa/
_bB. K. Gokhale
250 _a1st ed.
260 _aNew Delhi.
_bS. Chand & Company LTD.
_cc1973
300 _a575 p. :
_bill. 20 cm.
526 _aEnglish
650 0 _93550
_aEnglish
700 _95634
_aGokhale, B. K.
856 _k0
_l0
_yDownload
942 _2ddc
_cBK
999 _c7187
_d7187